000 00524nam a2200181Ia 4500
003 GCL
008 140319s9999 xx 000 0 ara d
040 _aGCL /
_cGCL
082 0 4 _aد
_b050
100 1 _aفاروق حلمى
245 1 0 _aدماء فى الفجر فى سبيل الحرية ( اقرا 283 ) /
_cفاروق حلمى
300 _a128 ص
490 _aوثائق ونصوص
_v0
650 0 4 _aالقصص العربية
650 0 4 _aالقصص التاريخية
650 0 4 _aالقصص
942 _2ddc
_cCF
999 _c27187
_d27187